000 00475nam a2200181Ia 4500
008 100917s9999 xx 000 0 und d
082 _b44157
100 _aमाने लक्ष्मण
245 _aउपरा
260 _bग्रंथाली प्रकाशन
_c1980
300 _a166
365 _b18
520 _aकादंबरी
630 _aउपरा
650 _aकादंबरी
730 _aउपरा
942 _cBOOK
999 _c649551
_d649548